Missing Word: 'P' in Every Category Quiz Stats

 Plays Quiz Updated Jun 27, 2017

Support Sporcle.
Go Orange.
Score 0/15 Timer 02:00
0 Plays Today
Hint Missing Word % Correct
Trivial _____Pursuit
93.3%
New England _____Patriots
92.9%
Saint _____'s DayPatrick
92.3%
Bubonic _____Plague
91.2%
_____, the Magic DragonPuff
89.6%
Attack on _____ HarborPearl
88.8%
Great _____ of GizaPyramid
82.2%
_____ of InterestPerson
79.2%
Hint Missing Word % Correct
A Fool and His Money Are Soon _____Parted
71.5%
A Simple _____Plan
67.9%
The _____ of Dorian GrayPicture
67.8%
Pontius _____Pilate
67.7%
T-Birds and _____ LadiesPink
64.8%
_____ and BessPorgy
63.4%
_____ 911 Turbo CabrioletPorsche
59.5%

Today's Daily Dose

Missing Word
'Y-Z' Pairs

Quick Pick
MCU Directors

You're not logged in!

Compare scores with friends on all Sporcle quizzes.
OR
Log In
Forgot?

From the Vault

12! 12! 12!

by SporcleEXP

It just seems like there's something going on with the number 12 today.
Remove Ads.
Support Sporcle.
Get the best of Sporcle when you Go Orange. This ad-free experience offers more features, more stats, and more fun while also helping to support Sporcle. Thank you for becoming a member.

Show Comments

Extras

Top Quizzes Today


Score Distribution

Your Account Isn't Verified!

In order to create a playlist on Sporcle, you need to verify the email address you used during registration. Go to your Sporcle Settings to finish the process.

Report this User

Report this user for behavior that violates our Community Guidelines.

Details: